Volba techniky hnojení stopovými prvky

Bibliographic Details
Main Author: Kolář, Ladislav (Author)
Format: Article
Language:Czech
PhysicalDescription:Obr. 1. Tb. 6. Res. angl.
Subjects:

MARC

LEADER 00000nab a2200000 a 4500
001 vtls000038283
003 SK-MaSNL
005 20260303023334.0
008 160201c1979 xo 0 cze
015 |a SNBRB19rr/mm-uuuuu 
035 |a CL0048378 
040 |a SNKBUCL  |b slo  |c SNKBUCL  |e AACR2 
041 0 |a cze 
044 |a xo  |c SK 
080 |a 631.8  |2 1981 
100 1 |a Kolář, Ladislav  |4 aut  |9 288811 
245 1 0 |a Volba techniky hnojení stopovými prvky  |c Ladislav Kolář 
300 |b Obr. 1. Tb. 6. Res. angl. 
650 0 7 |a hnojenie stopovými prvkami  |2 snkbucl  |9 1006090 
655 7 |a články z novín a časopisov  |2 snkbucl  |9 267496 
773 0 |t Agrochémia  |g Roč. 19, č. 7 (1979), s. 193-196 
850 |a Slovenská národná knižnica v Martine  |a MTA001 
852 |a SNK  |b KIS3GCP 
958 |a RK 
958 |a CZ 
992 |a RBX 
999 |c 1633949  |d 1635879